000 00693nam a2200229Ia 4500
003 GCL
008 140319s9999 xx 000 0 ara d
040 _aGCL /
_cGCL
082 0 4 _a154.3
_bج ا
100 1 _aابراهيم حافظ
245 1 0 _aاحلام اليقظة /
_cابراهيم حافظ
700 1 _aجرين، جورج هنرى
700 1 _aزكى المهندس بك
250 _aالاولى
260 _aالقاهرة :
_bلجنة البيان العربى ،
_c1950
300 _a230 ص
650 0 4 _aعلم النفس
650 0 4 _aالتحليل النفسى
650 0 4 _aاحلام الاطفال
650 0 4 _aاحلام اليقظة
942 _2ddc
_cBK
999 _c47504
_d47504